Carregant...
Untouchables
| Autor principal: | |
|---|---|
| Altres autors: | |
| Format: | Printed Book |
| Publicat: |
New Delhi
Foundation Books
2000
|
| Matèries: |
| LEADER | 00534cam a2200169ua 4500 | ||
|---|---|---|---|
| 020 | |a 81-7596-074-4 | ||
| 082 | |a 305.568 095 4 |b MEN/U | ||
| 100 | |a Mendelsohn, Oliver | ||
| 245 | 0 | 0 | |a Untouchables |
| 260 | |a New Delhi |b Foundation Books |c 2000 | ||
| 300 | |a xviii,289p. | ||
| 650 | |a Harijan atrocity | ||
| 650 | 0 | |a Religion- Politics-Untouchables | |
| 700 | 0 | 2 | |a Vincziany, Marika |
| 942 | |c BK | ||
| 999 | |c 2964 |d 2964 | ||
| 952 | |0 0 |1 0 |4 0 |6 305_568000000000000_095_4_MENU |7 0 |9 3106 |a KUCL |b KUCL |d 2014-05-23 |l 0 |o 305.568 095 4 MEN/U |p 06094 |r 2014-05-23 |y BK | ||